[Event "Länderkampf"]
[Site "Brombach"]
[Date "2006.09.24"]
[Round "?.1"]
[White "Roos, Daniel"]
[Black "Keitlinghaus, Ludger"]
[Result "1/2-1/2"]
[WhiteElo "2412"]
[BlackElo "2477"]
[Annotator "Herbrechtsmeier"]
[PlyCount "16"]
[EventDate "2006.09.24"]
[EventType "team"]
[SourceDate "2001.01.01"]
[WhiteTeam "ELSASS"]
[BlackTeam "BADEN"]
[WhiteTeamCountry "FRA"]
[BlackTeamCountry "GER"]

1. c4 Nf6 2. Nc3 e5 3. e3 {Ribli: Mit diesem Zug vermeidet Weiß die
theoretischen Hauptvarianten und möchte die Sizilianische Verteidigung im
Anzug spielen. Dieses Vorgehen verspricht ihm allerdings keinen
Eröffnungsvorteil.} g6 {Wird selten gespielt.} (3... d5 4. cxd5 Nxd5 5. Nf3 {
Weiß spielt eigentlich eine Variante der Sizilianischen Verteidigung, aber mit
einem Mehrtempo.} Nxc3 6. bxc3 Bd6 7. d3 O-O 8. Be2 $11 {Weiß hat ein starkes
Bauernzentrum, aber Schwarz hat keine Eröffnungsprobleme. Die Stellung ist
ungefähr gleich.} c5 (8... Nc6 9. O-O f5 $11) 9. O-O Nd7 $6 {
Der Springer steht etwas unglücklich auf d7.} (9... Nc6 10. e4 b6 $11) 10. e4 (
10. c4 $11) 10... Re8 11. Bg5 {
1-0 Alekseev,E-Kobalija,M/St Petersburg 2003/[Ribli] (42)}) (3... d6 4. d4 Nbd7
5. g4 $5 {Sehr ungebräuchlich statt Nf3, Bd3 oder g3} g6 6. h3 {Wie z.B. in
der alten Fischer-Variante gegen dem sizilianischen Najdorf, sichert Weiß den
frechen Pg4 und setzt die Entwicklung fort.} Bg7 7. Bg2 O-O 8. Nge2 {1/2-1/2 Va
llejo Pons,F (2629)-Khalifman,A (2702)/Dos Hermanas 2003/[Meulders] (32)}) (
3... c6 {Schwarz möchte d7-d5 ziehen.} 4. Nf3 (4. d4 exd4 5. exd4 d5 6. Nf3 Be7
7. cxd5 cxd5 8. Bd3 O-O 9. h3 Nc6 10. O-O h6 11. Bf4 Be6 12. Re1 Re8 {
1-0 Milov,V (2683)-Kobalija,M (2621)/Ajaccio 2004 (30)}) 4... d6 {Das ist die
ruhige Fortsetzung, aber die Alternative 4...e4 ist ebenfalls spielbar.} 5. b3
(5. d4 e4 6. Nd2 d5) 5... Be7 6. Bb2 O-O 7. d3 Nbd7 8. Be2 a6 (8... d5 $11) 9.
O-O Re8 {Schwarz hat eine bequeme Stellung.} (9... d5 $11) 10. Qc2 d5 {
Schwarz hat starke Bauern im Zentrum.} 11. d4 e4 12. Nd2 Nf8 {
1/2-1/2 Vallejo Pons,F (2635)-Sokolov,I (2684)/Pamplona 2002/[Ribli] (66)}) (
3... Bb4 4. Nge2 O-O (4... c6 5. a3 Ba5 6. b4 Bc7 7. Bb2 O-O 8. Ng3 Re8 9. c5
d5 10. cxd6 Bxd6 11. Be2 Nbd7 12. Qc2 Nf8 13. O-O e4 {
1/2-1/2 Milov,V (2683)-Gurevich,M (2644)/Ajaccio 2004 (54)}) 5. Nd5 {Das ist ei
ne Lieblingsvariante Lerners. Er spielte sie bereits 1987 in einer Partie
gegen Gavrikov.} (5. a3 {Ribli: 'Dieser Zug scheint logisch. Schwarz steht vor
der Entscheidung, auf c3 zu tauschen oder nicht.'} Be7 $5 (5... Bxc3 6. Nxc3 d5
7. cxd5 Nxd5 8. Qc2 {'+/=' Ribli.} c5 9. Bd3 Nxc3 10. dxc3 f5 11. O-O Be6 12.
c4 Nc6 $13 {Franco,Z-Morovich,A/Pamplona/1995/CBM46/}) 6. Ng3 (6. d4 exd4 7.
Qxd4 (7. Nxd4 d5 $11) 7... Nc6 8. Qd1 (8. Qd2 $2 Na5 $17) 8... Ne5 9. Nf4 c6
10. Be2 d6 11. O-O a6 $11) 6... c6 7. d4 exd4 8. exd4 d5 9. c5 Re8 10. Be2 b6
11. b4 bxc5 12. bxc5 Bxc5 13. dxc5 d4 14. O-O dxc3 15. Qxd8 Rxd8 16. Bg5 Ba6 {
1/2-1/2 Papaioannou,I (2577)-Gelfand,B (2703)/Plovdiv 2003 (33)}) (5. Ng3 c6 6.
a3 Ba5 7. b4 Bc7 8. Be2 d5 9. cxd5 cxd5 10. d4 e4 11. a4 Nc6 12. Ba3 Bd6 13. b5
Bxa3 14. Rxa3 Ne7 15. a5 g6 16. Qb3 h5 17. h4 Be6 18. Qb4 Rc8 19. Kd2 Re8 20.
Rc1 {0-1 Milov,V-Morozevich,A/Tilburg 1994/CBM 44 (84)}) 5... Nxd5 6. cxd5 {
Weiß hat Raumvorteil im Zentrum, aber die Stellung ist zweischneidig, denn
Schwarz hat die bessere Entwicklung.} d6 7. a3 {Der Läufer steht nicht
sonderlich gut auf b4 und so kann Weiß den Damenflügel mit Tempo entwickeln.}
Ba5 (7... Bc5 8. b4 Bb6) 8. b4 Bb6 9. Nc3 Qg5 (9... f5 $5) (9... a5 $5) (9...
c6 10. Bb2 $14) 10. Na4 Nd7 11. Qc2 {Schwarz hat einige Probleme mit der
Entwicklung des Damenflügels. Der Bauer d5 ist für ihn unangenehm.} Nf6 {
0-1 Lerner,K (2580)-Komarov,D (2570)/Donetsk 1998/[Ribli] (56)}) (3... Nc6 4.
d4 (4. Nge2 $5 d5 5. cxd5 Nxd5 6. Nxd5 Qxd5 7. Nc3 Qd8 8. Be2 Be6 9. O-O Be7
10. a3 a5 11. d3 O-O 12. b3 Qd7 13. Bb2 Rfd8 {
1/2-1/2 Ivanchuk,V (2720)-Kamsky,G (2655)/Tilburg 1992 (30)}) (4. Qc2 d5 5.
cxd5 Nb4 6. Qb1 Nbxd5 7. d3 Bb4 8. Bd2 O-O 9. Nf3 Re8 10. e4 Nxc3 11. bxc3 Bc5
{1/2-1/2 Vallejo Pons,F (2648)-Smirin,I (2676)/Biel 2002 (32)}) (4. a3 g6 5. b4
(5. d4 exd4 6. exd4 Bg7 7. Nf3 d5 8. Bg5 h6 9. Qe2+ Kf8 10. Be3 Kg8 11. cxd5
Nxd5 12. Nxd5 Qxd5 13. Qb5 {
1/2-1/2 Vallejo Pons,F (2629)-Kramnik,V (2807)/Linares 2003}) 5... Bg7 6. Bb2
O-O 7. Nge2 (7. d3 d5 8. cxd5 Nxd5 9. Nge2 Nb6 {
0-1 Rivas Pastor,M (2515)-Anand,V (2710)/Madrid 1993 (20)}) 7... d6 8. Nd5 Ne7
9. Nxf6+ Bxf6 10. Nc3 Bg7 11. Be2 c6 12. e4 d5 {
0-1 Morozevich,A (2732)-Gelfand,B (2709)/Monaco 2004 (43)}) (4. Nf3 {
führt mit Zugumstelung zur Hauptvariante in Englisch}) 4... Bb4 (4... exd4 5.
exd4 d5 $11 {Mit dieser Zugfolge wir haben eine Variante der Französischen
Verteidigung - 1.e4 e6 2.d4 d5 3.exd5 exd5 4.c4 Nf6 5.Nc3 Nc6.}) 5. d5 Bxc3+ 6.
bxc3 Ne7 7. d6 cxd6 8. Qxd6 Qa5 9. Qb4 Qc7 10. Ba3 Nc6 11. Qb1 d6 12. Qd3 Qa5
13. Bxd6 Bf5 {1/2-1/2 Kortschnoj,V (2639)-Kasparov,G (2849)/Zuerich 2001 (25)})
4. Nf3 (4. d4 d6 (4... exd4 5. exd4 d6 6. Nf3 Bg7 7. Qe2+ Qe7 {
1/2-1/2 Pavlovic,M (2471)-Nikolaidis,I (2522)/Nikaia GRE 2005 (43)}) 5. dxe5 (
5. Nge2 Bg7 6. g3 O-O 7. Bg2 c6 8. O-O Re8 9. h3 Na6 10. e4 Qb6 {
1/2-1/2 Quinteros,M (2505)-Panno,O (2510)/Mar del Plata 1982 (30)}) 5... dxe5
6. Qxd8+ Kxd8 7. Nf3 Nbd7 8. Ng5 Ke8 9. Nb5 Bd6 10. Be2 h6 11. Nf3 (11. Nxd6+
cxd6 12. Nf3 Ke7 13. b3 Nc5 14. Ba3 b6 $14) 11... Bb4+ 12. Bd2 Bxd2+ 13. Nxd2
Kd8 14. O-O-O c6 15. Nc3 (15. Nd6 Ke7 16. Nf3 e4 17. Nxc8+ Rhxc8 18. Nd4 Rd8
$11) 15... Kc7 16. b4 a5 {
1/2-1/2 Lobron,E (2575)-Kortschnoj,V (2635)/Ptuj-Interzonenturnier 1995 (42)})
4... d6 (4... Nc6 5. Be2 (5. d4 d6 {ist Zugumstellung}) 5... Bg7 6. O-O O-O 7.
d3 d5 8. cxd5 Nxd5 9. Bd2 Ndb4 10. Qb1 a5 $5 $146 (10... Bf5) 11. a3 Na6 12.
Qc2 Be6 13. Rab1 Qe7 14. Rfd1 Rfd8 15. Be1 Rd7 16. Na4 Bd5 17. Nc3 Be6 18. Na4
Bd5 19. Nc3 {1/2-1/2 Milov,V (2635)-Georgiev,K (2675)/New York 72/(28) 1998})
5. d4 Nc6 (5... Nbd7 6. Be2 Bg7 7. O-O O-O 8. b4 exd4 9. exd4 d5 10. c5 a5 11.
Qb3 axb4 12. Qxb4 Ne4 13. Bb2 Re8 {
0-1 Neumann,P (2403)-Simacek,P (2411)/Czechia 2002 (38)}) 6. dxe5 (6. d5 Ne7 7.
e4 Bg7 8. h3 O-O 9. Be3 Nh5 10. g4 Nf4 11. Bxf4 exf4 12. Qd2 f5 13. exf5 gxf5
14. g5 Ng6 15. h4 Re8+ 16. Be2 c5 17. Kf1 Qb6 18. Re1 Bd7 19. Kg2 a6 20. h5 {
1-0 Lutz,C (2540)-Lau,R (2480)/Dortmund 1992 (62)}) (6. b3 Bg4 (6... Bg7 7.
dxe5 Nxe5 8. Nd4 $14) 7. Be2 Bg7 8. h3 Bf5 $1 (8... Bxf3 9. Bxf3 $14) 9. dxe5
Ne4 $1 10. Bb2 O-O 11. Nd5 (11. O-O Nxe5 (11... dxe5 $11) 12. Nd4 $16) 11...
dxe5 12. O-O Re8 {
1/2-1/2 Ribli,Z (2585)-Petrosian,T (2620)/Buenos Aires 1978/[Petrosian] (42)})
(6. Be2 Bg7 7. dxe5 Nxe5 8. O-O (8. Nxe5 dxe5 9. Qxd8+ Kxd8 10. b3 c6 11. Ba3
Bf5 12. O-O-O+ Kc8 13. h3 h5 14. g4 {
1-0 Seirawan,Y (2555)-Sosonko,G (2595)/Bad Kissingen 1981 (63)}) 8... O-O 9.
Nd4 (9. Qc2 Be6 10. Nd4 Bxc4 11. f4 Bxe2 12. fxe5 Bxf1 13. exf6 Qxf6 14. Ne4
Qe7 15. Kxf1 Bxd4 16. exd4 Rfe8 {
0-1 Robatsch,K (2445)-Makarichev,S (2495)/Lublin 1976/Calvin_0506}) 9... d5 10.
cxd5 Nxd5 11. Bd2 Nb6 12. Ne4 Qe7 13. Rc1 Nec4 14. Bxc4 Qxe4 15. Be2 c6 {
1/2-1/2 Taimanov,M-Uhlmann,W/Budapest 1961 (36)}) 6... Nxe5 $1 $11 (6... dxe5
7. Qxd8+ Kxd8 $16) 7. Nxe5 (7. b3 Nxf3+ 8. Qxf3 Bg7 9. Bb2 O-O 10. Be2 Rb8 11.
h3 a6 12. O-O Nd7 13. Rab1 {
1-0 Shamkovich,L (2495)-Henley,R (2440)/New York 1981 (34)}) (7. Be2 Nxf3+ 8.
Bxf3 Bg7 9. Qd2 a5 10. O-O O-O 11. Rd1 Nd7 12. b3 a4 13. Rb1 axb3 {(=)} 14.
axb3 Nc5 {1-0 Narciso Dublan,M (2487)-Llanes Hurtado,M (2431)/Navalmoral de la
Mata 2004 (38)}) 7... dxe5 8. Qxd8+ Kxd8 (8... Kxd8 9. b3 c6 $1 {
Das ist die richtige Zugfolge.} (9... Be6 10. Bb2 c6 11. O-O-O+ $14 (11. Bd3
Nd7 12. Ne4 {1-0 Huebner,R (2610)-Anand,V (2715)/Munich 1994 (27)}) 11... Ke8 (
11... Kc7 $2 12. Nb5+ $18) 12. Be2 Be7 13. h3 (13. Nb1 $142 $1 Nd7 14. Nd2 $14)
13... Rd8 14. g4 $6 (14. Bf3 $5) 14... Rf8 $1 $11 {1-0 Illescas Cordoba,M
(2585)-Karpov,A (2745)/Villarrobledo 1997/[Illescas Cordoba] (50)}) 10. Bb2 Bd6
11. Be2 (11. O-O-O Ke7) (11. Rd1 Ke7 12. Bd3 Rd8 13. O-O Be6 $11) 11... Ke7 12.
O-O Rd8 13. Rfd1 Bf5 14. Na4 h5 15. f3 Nd7 16. Bc3 b6 17. e4 Be6 18. b4 f6 19.
Rd2 Bc7 20. Rad1 Nf8 {
1/2-1/2 Langeweg,K (2390)-Hecht,H (2515)/Wijk aan Zee 1974 (41)}) 1/2-1/2

[Event "Länderkampf"]
[Site "Brombach"]
[Date "2006.09.24"]
[Round "?.2"]
[White "Bogner, Sebastian"]
[Black "Netzer, Jean"]
[Result "1/2-1/2"]
[WhiteElo "2314"]
[BlackElo "2358"]
[Annotator "Herbrechtsmeier"]
[PlyCount "31"]
[EventDate "2006.09.24"]
[EventType "team"]
[SourceDate "2001.01.01"]
[WhiteTeam "BADEN"]
[BlackTeam "ELSASS"]
[WhiteTeamCountry "GER"]
[BlackTeamCountry "FRA"]

1. Nf3 d5 2. c4 d4 3. b4 f6 (3... Bg4 $5) 4. Qa4+ $5 (4. e3) 4... c6 (4... Bd7
5. Qb3 e5 6. e3 (6. d3 c5 7. bxc5 Nc6 8. g3 Bxc5 9. Bg2 Nge7 10. O-O O-O 11.
Nbd2 f5 12. Qb1 Qb6 13. Nb3 Bb4 14. Bd2 {
1/2-1/2 Gamundi Salamanca,A (2440)-Westerinen,H (2385)/Alcobendas 1993 (40)})
6... c5 7. bxc5 Bc6 8. exd4 exd4 9. Bb2 Bxc5 10. Be2 Na6 11. O-O Ne7 12. Na3
Nc7 13. Rae1 {
1/2-1/2 Przewoznik,J (2395)-Kveinys,A (2435)/Miedzybrodzie 1991 (54)}) 5. d3 (
5. Na3 e5 6. Nc2 a5 7. d3 Na6 $1 8. Ba3 axb4 9. Nxb4 $2 Bg4 {
0-1 Boersma,P (2331)-Delemarre,J (2354)/Netherlands 2000 (17)}) 5... e5 6. g3
a5 7. b5 Bd7 8. Ba3 Ne7 9. Nbd2 Nc8 10. Bxf8 Rxf8 11. Ne4 Qe7 12. Rb1 f5 13.
Ned2 c5 14. e4 (14. Bg2 e4 15. Ng1 Nd6) 14... f4 (14... dxe3 15. fxe3 e4 16.
Nh4 exd3 17. Ng2 $13) 15. Rg1 h6 16. g4 (16. g4 g5 $15) 1/2-1/2

[Event "Länderkampf"]
[Site "Brombach"]
[Date "2006.09.24"]
[Round "?.3"]
[White "Roos, Louis"]
[Black "Duessel, Udo"]
[Result "1-0"]
[WhiteElo "2349"]
[BlackElo "2298"]
[Annotator "Herbrechtsmeier"]
[PlyCount "107"]
[EventDate "2006.09.24"]
[EventType "team"]
[SourceDate "2001.01.01"]
[WhiteTeam "ELSASS"]
[BlackTeam "BADEN"]
[WhiteTeamCountry "FRA"]
[BlackTeamCountry "GER"]

1. c4 Nf6 2. Nc3 e6 3. Nf3 c5 4. g3 b6 5. Bg2 Bb7 6. O-O Be7 7. b3 (7. Re1) (7.
d4) 7... O-O 8. Bb2 a6 9. Re1 Qc7 10. e4 d6 11. d4 cxd4 (11... Nbd7 12. d5 e5
13. Nh4) 12. Nxd4 Nbd7 13. Rc1 Rfe8 14. h3 Rad8 (14... Bf8) 15. Rc2 Nc5 16. b4
Ncd7 17. a3 Rc8 (17... Ne5 18. Bf1) 18. Bf1 Ne5 19. f4 Nxc4 $2 {
Das ist ein taktischer Fehler.} (19... Ng6) 20. Bxc4 Qxc4 21. Nb1 Qa2 22. Bc3
Qc4 23. Ba1 {Die Pointe!} Qxc2 24. Nxc2 Nxe4 25. Ne3 (25. Rxe4 $1 Bxe4 26. Qd4
Bf6 27. Qxe4 Bxa1 28. Nxa1 Rc1+ 29. Kf2 Rec8 30. Nb3 R1c2+ 31. Kf3 $18) 25...
Bf8 26. g4 Rc7 27. Nd2 Nc3 28. Qb3 Rec8 29. Kf2 b5 30. Nd1 Nd5 31. Kg3 {
In Zeitnot von Weiß notiert Schwarz diesen und den nächsten weißen Halbzug
nicht! Das ist gegen die Regeln und unsportlich.} Nb6 32. Ne3 Na4 33. Qd3 Nb6
34. g5 Nd5 35. Ndf1 Nc3 36. Ng4 d5 37. Nd2 Bd6 38. Qd4 Bf8 39. Kh4 a5 40. Re3
axb4 41. axb4 Na2 42. Rb3 Nc1 43. Ra3 Bc6 44. Nf6+ Kh8 45. Nh5 e5 46. fxe5 Bd7
47. e6 Bxe6 48. Nxg7 Ne2 49. Nxe6+ Nxd4 50. Bxd4+ f6 51. Nxc7 Bxb4 52. gxf6 Kg8
53. Rg3+ Kf8 54. Rg7 1-0

[Event "Länderkampf"]
[Site "Brombach"]
[Date "2006.09.24"]
[Round "?.4"]
[White "Scherer, Helmut"]
[Black "Munschi, Serge"]
[Result "1/2-1/2"]
[WhiteElo "2296"]
[BlackElo "2315"]
[Annotator "Herbrechtsmeier"]
[PlyCount "108"]
[EventDate "2006.09.24"]
[EventType "team"]
[SourceDate "2001.01.01"]
[WhiteTeam "BADEN"]
[BlackTeam "ELSASS"]
[WhiteTeamCountry "GER"]
[BlackTeamCountry "FRA"]

1. e4 c5 2. Nf3 Nc6 3. Bb5 d6 4. c3 Bd7 5. d4 Nf6 6. Qe2 a6 7. Bxc6 Bxc6 8. e5
$5 (8. d5 Bd7 9. c4 (9. O-O Bg4 10. Bf4 g6 11. Nbd2 Nh5 12. Be3 Bg7 13. a4 b6 {
0-1 Yandemirov,V (2515)-Novikov,S (2534)/Kazan RUS 2005 (65)}) 9... g6 (9... e5
10. dxe6 Bxe6 11. O-O Be7 12. h3 O-O 13. Nc3 Re8 {
0-1 Keitlinghaus,L (2503)-Levin,F (2481)/France 2003 (34)}) 10. O-O Bg7 11. a4
(11. e5 dxe5 12. Nxe5 O-O 13. Nc3 Bf5 14. Bf4 Nh5 15. Bd2 e6 16. f4 exd5 17. g4
{1-0 Nevednichy,V (2552)-Fercec,N (2477)/Zadar 2004 (35)}) 11... O-O 12. a5 Re8
13. Nc3 e6 14. Bg5 h6 15. dxe6 Rxe6 16. Bxf6 Bxf6 17. Nd5 Bc6 {
0-1 Vasiukov,E (2560)-Kupreichik,V (2460)/Leningrad 1974 (56)}) 8... dxe5 (8...
Ne4 9. e6 fxe6 10. O-O Qd7 11. Nbd2 Nxd2 12. Bxd2 Bxf3 13. Qxf3 cxd4 14. cxd4
g6 15. Rfe1 Bg7 16. Bc3 Rc8 17. Re2 d5 18. Rae1 {
1/2-1/2 Brodsky,M (2540)-Babula,V (2380)/Karvina 1992 (33)}) 9. dxe5 Nd5 10. e6
fxe6 11. O-O Qd6 12. Ne5 g6 13. c4 Nf6 14. b3 (14. Rd1 Qc7 15. Bf4 Nh5 16. Qg4
Qc8) 14... Bg7 15. Bb2 Nh5 16. g3 Rd8 17. Re1 O-O 18. Nxc6 Qxc6 19. Bxg7 Nxg7
20. Nd2 Nf5 21. Rac1 Rd6 22. Rc3 Rfd8 23. Ne4 Rd4 24. Ng5 R4d6 (24... Rd2 25.
Qxe6+ Qxe6 26. Nxe6 Rc8) 25. Nxe6 Nd4 26. Nxd4 cxd4 27. Rd3 R8d7 28. Qe5 b5 29.
cxb5 axb5 30. Re4 Rd5 31. Qe6+ Qxe6 32. Rxe6 Kf7 33. Re4 Kf6 34. a4 bxa4 35.
bxa4 g5 36. Rf3+ Kg6 37. Re6+ Kg7 38. Re1 Ra5 39. Ra3 e5 40. Kg2 Kf6 (40... g4
41. h3 h5 42. hxg4 hxg4 43. Re4 Kf6 44. Rxg4 Rda7 $11) 41. Kf3 Kf5 42. h3 h5
43. g4+ hxg4+ 44. hxg4+ Ke6 45. Rh1 Kd5 46. Ke2 Kc4 (46... e4 $1 47. f3 e3 48.
Kd3 Ke5) 47. f3 (47. Rc1+ Kd5 (47... Kb4 48. Raa1 Rxa4 49. Rab1+ Ka5 50. Rc8
$11) 48. Rc8 e4 49. f3) 47... Kb4 48. Ra2 Rxa4 49. Rb1+ Ka5 50. Rxa4+ Kxa4 51.
Rb6 Rc7 52. Rg6 Rc2+ 53. Ke1 Rc3 54. Rxg5 Rxf3 1/2-1/2

[Event "Länderkampf"]
[Site "Brombach"]
[Date "2006.09.24"]
[Round "?.5"]
[White "Schmitt, Andre"]
[Black "Herbrechtsmeier, Christof"]
[Result "1/2-1/2"]
[WhiteElo "2297"]
[BlackElo "2255"]
[Annotator "Herbrechtsmeier"]
[PlyCount "106"]
[EventDate "2006.09.24"]
[EventType "team"]
[SourceDate "2001.01.01"]
[WhiteTeam "ELSASS"]
[BlackTeam "BADEN"]
[WhiteTeamCountry "FRA"]
[BlackTeamCountry "GER"]

1. e4 c5 2. Nf3 g6 3. d4 cxd4 4. Qxd4 Nf6 5. Nc3 Nc6 6. Qa4 d6 7. e5 dxe5 (7...
Ng4 $5 8. exd6 $1 Qxd6 9. Bf4 Qc5) 8. Nxe5 Bd7 (8... Qd4 $5) 9. Nxd7 Qxd7 10.
Be3 Bg7 11. Be2 O-O 12. Rd1 (12. O-O {s. Jenni-Herbrechtsmeier/2006}) 12... Qf5
(12... Qc7 13. O-O Rfd8 $14) (12... Qc8 13. O-O a6 14. Qh4 (14. Qa3 Qf5 15. Qb3
b5 16. Nd5 Ng4 {1/2-1/2 McShane,L (2568)-Nikcevic,N (2468)/France 2003 (81)})
14... Rd8 (14... b5 $6 15. Bf3) (14... Qf5 $5 15. Bd3 Qa5 $132 (15... Qg4 $5))
15. Bf3 $5 Rxd1 16. Rxd1 Ne5 17. Be2 Nc6 $5 {
1/2-1/2 Wells,P (2515)-Turner,M (2475)/Oxford 1998 (33)}) 13. g4 (13. O-O a6 (
13... Rfd8 14. Bf3 (14. h3 h5 15. Bf3 a6 16. Qb3 (16. Bxc6 bxc6 17. Qxc6 Rdc8
18. Qa4 {1-0 Maier,A (2338)-Koepke,C/Munich 2003 (37)}) 16... Rd7 17. Rxd7 Qxd7
18. Rd1 {1-0 Nevednichy,V (2537)-Beudaert,X (2282)/Creon 2002 (29)}) 14... a6
15. Bxc6 bxc6 16. Qxc6 Qxc2 17. Nd5 Qxb2 18. Nxe7+ Kh8 19. Bd4 {
1-0 Skripchenko,A (2437)-Cochet,C (2136)/Chartres FRA 2005}) 14. g4 (14. Bd3
Qc8 15. h3 b5 16. Qh4 Rd8 17. a3 Rb8 18. Be2 Qe6 19. Rxd8+ Rxd8 20. Rd1 Rxd1+
21. Bxd1 Nd7 {0-1 Collinson,A (2404)-Turner,M (2498)/Bunratty 2001 (78)}) 14...
Qc8 15. g5 Nd7 16. Nd5 Re8 (16... b5) 17. c3 e6 18. Nb6 Nxb6 19. Bxb6 Be5 20.
Bf3 {1/2-1/2 Fontaine,R (2532)-Schmitt,A (2267)/France 2004 (69)}) 13... Qc8 (
13... Qe6 14. g5 Nd7 15. Bg4 Nb6 16. Bxe6 Bxc3+ 17. bxc3 Nxa4 18. Bb3 Nxc3 19.
Rd3 Ne4 20. Rd7) 14. g5 Nd7 15. Nd5 Re8 (15... a6 $4 16. Qxc6 $1 $18) 16. h4 (
16. O-O e6 17. Nc3 Nb6 18. Qa3 Ne5 19. Qb3 (19. Bxb6 Nc4 20. Bxc4 Qxc4 21. Be3
Qg4+ $11) 19... Nbc4 20. Rd4 Nxe3 21. fxe3 Rd8 22. Rxd8+ Qxd8 23. Ne4 Qc7)
16... e6 17. Nc3 Nb6 18. Qe4 {Weiß hat kein gutes Feld für die Dame.} Nd5 $1
19. h5 (19. Nxd5 exd5 20. Qxd5 Nb4 21. Qb3 Nxc2+ 22. Kf1 Qf5 $17) 19... Nxc3
20. bxc3 {(42)} Qc7 {(59)} 21. hxg6 hxg6 22. c4 {(28)} (22. Qh4 Rad8 23. Rd3 (
23. Qh7+ Kf8 24. Bc5+ Ne7 $17) 23... Rxd3 24. cxd3 Bxc3+ 25. Kf1 Qe5) 22...
Rad8 {(47)} 23. O-O (23. Bd3 Rd7 24. Qh4 Ne5) 23... Qa5 24. c5 (24. Rb1 Rd7 25.
Rb5 Qxa2 26. Rfb1 Nd4 27. Bxd4 Rxd4 28. Qxb7 Qxc2 $17) 24... Qxa2 25. Bb5 (25.
Rd6 Rxd6 (25... Be5 $142) 26. cxd6 Qd5 27. Qxd5 exd5 28. Bf3 d4 29. Bf4 Rd8 30.
Rb1 Be5 31. Bxc6 Bxf4 32. Rxb7 Rxd6 33. Be8 a5 34. Bxf7+ Kf8 35. Ra7 Bxg5 36.
Rxa5 $11) 25... Rxd1 26. Rxd1 {(24)} Rd8 {(34)} 27. Rxd8+ (27. Rd6 Qb1+ 28. Bf1
Qa1 29. Rxd8+ Nxd8 30. Qd3 Nc6 31. Qd7 Qb1) 27... Nxd8 28. c4 Qa1+ (28... a6
29. c6 Qa1+ 30. Kg2 Qe5 31. Qxe5 Bxe5 32. c7 Bxc7 33. Bd7) 29. Kg2 Qe5 30. Qd3
Nc6 31. Bxc6 {(13)} bxc6 {(25)} 32. Qd7 Qe4+ 33. Kg1 Qg4+ 34. Kf1 (34. Kh2 $2
Be5+ 35. Kh1 Qh3+ 36. Kg1 Bh2+ 37. Kh1 Bf4+ 38. Kg1 Bxe3 $19) (34. Kh1 Qxc4 (
34... Be5 35. Qxc6 Qh3+ 36. Kg1 Bh2+ 37. Kh1 Bf4+ 38. Kg1 Bxe3 39. fxe3 Qxe3+
40. Kf1 Qxg5 41. Qc8+ Kg7 42. c6 $11) 35. Qe8+ Kh7 36. Qxf7 a5 37. Qc7 Qe4+ 38.
Kg1 a4 39. Qh2+ Kg8 40. Qb8+ Bf8 41. Bf4) 34... Qxc4+ 35. Kg1 {(7)} Qg4+ {
Ich hatte noch ca. 15 Minuten und fand keinen forcierten Gewinn.} (35... Qd5
36. Qxa7 Be5 {ist kaum zu gewinnen}) (35... Qa4 36. Qd8+ Bf8 ({
Der richtige Weg ist vielleicht} 36... Kh7 37. Qd7 a5 38. Qxf7 Qg4+ 39. Kh2 a4
40. Qa7 Qh4+ 41. Kg2 Qb4 42. Kh2 a3 43. Bc1 a2 44. Qxa2 Qh4+ 45. Kg2 Qg4+ 46.
Kh2 Be5+) 37. f4 $1 (37. Bd4 $2 Qd1+ $19) (37. Kg2 a5 38. Qf6 (38. Bd4 e5)
38... Qe4+ 39. Kh2 e5) 37... a5 38. Bd4 Qd1+ 39. Kf2 a4 40. Qf6 Qh1 41. Ke3 $2
({Richtig ist} 41. Kg3 a3 42. Kf2 a2 43. Kg3 Qh7 44. Qd8 $11) 41... a3 42. Kd3
a2 43. Kc2 Qe4+ 44. Kb3 (44. Kc1 Qxd4 $1 $19) 44... Qb1+ 45. Bb2 a1=N+ $3 46.
Kb4 (46. Kc4 Qe4+ 47. Bd4 Qc2+ 48. Bc3 Qe2+ 49. Kb4 Qb5+ 50. Ka3 Qb3#) 46... e5
47. Qxe5 Qe1+ $1 48. Qxe1 Nc2+ 49. Ka5 Nxe1 50. Kb6 Bxc5+ $1 51. Kxc5 Nd3+ $19)
36. Kf1 Qc4+ 37. Kg1 {(6)} Be5 {(11)} (37... Qa4) 38. Qxc6 Qg4+ 39. Kf1 (39.
Qg2 Qxg2+ 40. Kxg2 a6 41. c6 Kf8 42. Kf3 Ke7 43. Ke4 Bc7 44. Bc5+ Kd8 45. Bd4
Kc8 46. Bc3 Bb6 47. Ke5 Bd8 48. f4 a5 49. Bxa5 $1 Bxa5 50. Kf6 Bd2 51. Kxf7
Bxf4 52. Kxe6 Bxg5 53. Kf7 $11) 39... Qd1+ 40. Kg2 Qd5+ {
Das war meine Idee, es reicht aber nicht aus.} 41. Qxd5 exd5 42. c6 Kf8 43.
Bxa7 Ke7 44. Bc5+ Ke6 (44... Kd8 45. Bb6+ Kc8 46. Kf3 Bc7 47. Be3 $11) 45. Kf3
Bd6 46. Bb6 Be7 (46... Ba3 47. Bc7 $11) 47. c7 Kd7 48. Ke3 Bxg5+ 49. Kd4 Bf4
50. Kxd5 Bxc7 51. Bxc7 Kxc7 52. Ke5 Kd7 53. Kf6 Ke8 1/2-1/2

[Event "Länderkampf"]
[Site "Brombach"]
[Date "2006.09.24"]
[Round "?.6"]
[White "Schulze, Ulrich"]
[Black "Roos, Jean Luc"]
[Result "1-0"]
[WhiteElo "2310"]
[BlackElo "2286"]
[Annotator "Herbrechtsmeier"]
[PlyCount "63"]
[EventDate "2006.09.24"]
[EventType "team"]
[SourceDate "2001.01.01"]
[WhiteTeam "BADEN"]
[BlackTeam "ELSASS"]
[WhiteTeamCountry "GER"]
[BlackTeamCountry "FRA"]

1. d4 e6 2. Nf3 Nf6 3. c4 b6 4. g3 Bb7 5. Bg2 Be7 6. O-O O-O 7. Nc3 Ne4 8. Qc2
Nxc3 9. Qxc3 c5 (9... f5) 10. Bf4 (10. Rd1) (10. b3) 10... cxd4 (10... d6 11.
Rfd1 Nd7 12. dxc5 Nxc5 13. Rac1 Qc8 14. Nd2 Bxg2 15. Kxg2 Qb7+ 16. Qf3 {
1/2-1/2 Kuzmin,G (2550)-Smyslov,V (2595)/Leningrad 1977}) 11. Nxd4 Bxg2 12.
Kxg2 Qc8 13. Rac1 Qc5 $6 (13... Na6 14. a3 d6) 14. Rfd1 Na6 (14... Rd8 15. Qf3
Nc6 16. Nb3 Qb4 17. Bc7) 15. a3 $16 d6 16. b4 (16. Qf3 $1 Rac8 17. b4 Qc7 18.
Nb5) 16... Qc7 $2 (16... Qc8) 17. Nb5 Qc6+ 18. Qf3 Qxf3+ 19. Kxf3 $5 e5 20. Be3
Rfd8 (20... f5 21. Kg2 f4 22. gxf4 exf4 23. Bd4) 21. Ke4 Kf8 22. f4 f6 23. fxe5
dxe5 24. Rxd8+ Bxd8 25. Kd5 $18 Nb8 26. c5 (26. Kd6 $1 Ke8 27. Nc7+ Bxc7+ 28.
Kxc7 Nd7 29. c5) 26... bxc5 27. Bxc5+ Kf7 28. Bxa7 Nd7 29. Rc8 $1 Rxc8 30. Nd6+
Kg6 31. Nxc8 Kg5 32. Ke6 (32. Ke6 Nf8+ 33. Kf7 Ng6 34. Ke8 Bc7 35. Kd7) 1-0

[Event "Länderkampf"]
[Site "Brombach"]
[Date "2006.09.24"]
[Round "?.7"]
[White "Marzolf, Bruno"]
[Black "Postojev, Alexander"]
[Result "0-1"]
[WhiteElo "2234"]
[BlackElo "2278"]
[Annotator "Herbrechtsmeier"]
[PlyCount "60"]
[EventDate "2006.09.24"]
[EventType "team"]
[SourceDate "2001.01.01"]
[WhiteTeam "ELSASS"]
[BlackTeam "BADEN"]
[WhiteTeamCountry "FRA"]
[BlackTeamCountry "GER"]

1. e4 c5 2. Nf3 d6 3. d4 cxd4 4. Nxd4 Nf6 5. Nc3 a6 6. a4 e5 7. Nb3 Be7 8. Be2
O-O 9. O-O Be6 10. f4 exf4 11. Bxf4 d5 12. Bd3 (12. e5 Ne4 13. Kh1 Nc6 14. Bd3
f5 {1-0 Bentafrit,S-Briffa,P/Moscow 1994 (41)}) 12... d4 13. Ne2 Nc6 14. Ng3
Nb4 15. Nd2 Ng4 16. Qf3 Ne3 17. Bxe3 dxe3 18. Qxe3 Rc8 19. Kh1 Rxc2 20. Bxc2
Nxc2 21. Qe2 Nxa1 22. Rxa1 Qb6 23. Nf3 Rc8 24. Nf5 Bxf5 25. exf5 Bf6 26. Rb1
Qa5 27. Qe4 Qc7 28. b3 h5 29. h3 Qd7 30. Re1 Rc3 {ZÜ} 0-1